000 00355nam a22001577a 4500
003 MACL
005 20170108171837.0
008 170108b xxu||||| |||| 00| 0 eng d
040 _cMACL
082 _220
_a500
100 _aNCERT
_94590
245 _aScience Texbook 10
_bClass 10
260 _aDilhi
_bNCERT
650 _aSince
_966492
942 _2ddc
_cBK
999 _c55826
_d55826